000 00447nam a2200169Ia 4500
005 20250508161634.0
008 008 250505s9999 xx 000 0 eng d
037 _aTextual
040 _aFEDL
_beng
_cFEDL
041 _aeng
_2eng
084 _a744.5, INT
_qFEDL
245 0 _aBlueprint reading
260 _aNew York, USA
_bSyracuse University Press
300 _a81p.
942 _cTEXL
_h744.5, INT
999 _c1371268
_d1371268